00627 2200229 4500001002100000005001700021035002400038040001200062082001600074084002000090090002000110100001100130245003900141260003200180300006100212500003800273650002800311700001000339990001600349990001600365990001600381YOGYA00000000010118120161123092821.0 0010-011400000000383 aYOPDYOG 2[22]a792.2 aCoE 792.2 Bas U aCoE 792.2 Bas U aBASIYO aUyon-uyon guyonc/ Basiyo & Parmi. aSurakartabLokanantac[s.a] a1 CD (59.14 menit)b: digital, stereoc; 4 3/4 in (3 CD) aKeluarga Karawitan RRI Yogyakarta aPertunjukan Komedi-Jawa aParmi a2458/B.2014 a2459/B.2014 a2460/B.2014